Вып. 2 : Расчет процессов теплообмена; Алгоритмизация расчета процессов и аппаратов химических производств, технологии переработки и транспорта нефти и газа на ЭЦВМ

מידע ביבליוגרפי
Parent link:Алгоритмизация расчета процессов и аппаратов химических производств, технологии переработки и транспорта нефти и газа на ЭЦВМ: [сборник статей]/ Академия наук Украинской ССР (АН УССР), Институт газа ; Киевский дом научно-технической пропаганды ; Киевский политехнический институт (КПИ) ; Научный постоянно действующий республиканский семинар. Вып. 2 : Расчет процессов теплообмена.— , 1966-
מחברים אחרים: Косницер Д. М. (редактор), Семендяев Ю. С.
שפה:רוסית
יצא לאור: 1967
נושאים:
פורמט: ספר
KOHA link:https://koha.lib.tpu.ru/cgi-bin/koha/opac-detail.pl?biblionumber=326498

MARC

LEADER 00000nam2a2200000 4500
001 326498
005 20231102003852.0
035 |a (RuTPU)RU\TPU\book\352146 
090 |a 326498 
100 |a 20161229d1967 k y0rusy50 ca 
101 0 |a rus 
102 |a UA 
105 |a a z 001zy 
200 0 |a Вып. 2 : Расчет процессов теплообмена  |f под ред. Д. М. Косницера , Ю. С. Семендяева 
210 |d 1967 
215 |a 141 с.  |c ил. 
320 |a Библиогр. в конце ст. 
461 1 |0 (RuTPU)RU\TPU\book\318264  |t Алгоритмизация расчета процессов и аппаратов химических производств, технологии переработки и транспорта нефти и газа на ЭЦВМ  |o [сборник статей]  |f Академия наук Украинской ССР (АН УССР), Институт газа ; Киевский дом научно-технической пропаганды ; Киевский политехнический институт (КПИ) ; Научный постоянно действующий республиканский семинар  |v Вып. 2 : Расчет процессов теплообмена  |d 1966-  
606 1 |a Химическая технология  |x Процессы  |x Расчет на вычислительных машинах  |2 stltpush  |3 (RuTPU)RU\TPU\subj\30990  |9 53979 
606 1 |a Алгоритмизация процесса  |x Химическая технология  |2 stltpush  |3 (RuTPU)RU\TPU\subj\30988  |9 53978 
606 1 |a Теплообмен в химической технологии  |2 stltpush  |3 (RuTPU)RU\TPU\subj\31269  |9 54167 
610 1 |a теплообменные аппараты 
610 1 |a массообмен 
610 1 |a химические реакции 
610 1 |a математическое описание 
610 1 |a погрешности 
610 1 |a математические модели 
610 1 |a тепловые режимы 
610 1 |a выпарные аппараты 
675 |a 66.011:681.3  |v 4 
675 |a 66.021.4  |v 4 
702 1 |a Косницер  |b Д. М.  |4 340 
702 1 |a Семендяев  |b Ю. С.  |4 340 
801 1 |a RU  |b 63413507  |c 20161229 
801 2 |a RU  |b 63413507  |c 20170206  |g RCR 
942 |c BK